| 000 | 00000nam##2200000za#4500 |
| 001 | 9.557707 |
| 003 | CaOODSP |
| 005 | 20210624172025 |
| 007 | cr ||||||||||| |
| 008 | 150406|1991||||xxc|||||o f|0| 0 eng|d |
| 040 | |aCaOODSP|beng |
| 043 | |an-cn--- |
| 086 | 1 |aNH18-22/91-206E-IN |
| 110 | 2 |aCanada Mortgage and Housing Corporation. |
| 245 | 10|aEffectiveness of a hard-connected duct as a source of ventilation and make-up air |h[electronic resource] |
| 260 | |aOttawa - Ontario : |bCanada Mortgage and Housing Corporation |
| 300 | |a3p. (307 KB) |
| 490 | 1 |aResearch and development highlights; technical series |v91-206 |
| 590 | |a01-12|b2001-03-23 |
| 690 | 07|aHeating|2gcpds |
| 690 | 07|aConstruction industry|2gcpds |
| 775 | 08|tEfficacité d'un conduit raccordé directement à l'installation comme source de ventilation et d'air d'appoint / |w(CaOODSP)9.607615 |
| 830 | #0|aResearch and development highlights; technical series ;|v91-206|w(CaOODSP)9.504481 |
| 856 | 40|ahttp://publications.gc.ca|qPDF|s307 KB|uhttps://publications.gc.ca/collections/Collection/NH18-22-91-206E.pdf|y91-206 |